<?xml version="1.0" encoding="UTF-8"?>
<record
    xmlns:xsi="http://www.w3.org/2001/XMLSchema-instance"
    xsi:schemaLocation="http://www.loc.gov/MARC21/slim http://www.loc.gov/standards/marcxml/schema/MARC21slim.xsd"
    xmlns="http://www.loc.gov/MARC21/slim">

  <leader>00701nam a22001937a 4500</leader>
  <datafield tag="999" ind1=" " ind2=" ">
    <subfield code="c">169338</subfield>
    <subfield code="d">169338</subfield>
  </datafield>
  <controlfield tag="005">20191115121106.0</controlfield>
  <datafield tag="010" ind1=" " ind2=" ">
    <subfield code="a">UR-10589</subfield>
  </datafield>
  <datafield tag="020" ind1=" " ind2=" ">
    <subfield code="c">210.00</subfield>
    <subfield code="a">9789388736855</subfield>
  </datafield>
  <datafield tag="035" ind1=" " ind2=" ">
    <subfield code="a">U-9144</subfield>
  </datafield>
  <datafield tag="037" ind1=" " ind2=" ">
    <subfield code="b">DBAD/PUB</subfield>
    <subfield code="a">-</subfield>
  </datafield>
  <datafield tag="082" ind1=" " ind2=" ">
    <subfield code="a">840.08</subfield>
  </datafield>
  <datafield tag="100" ind1=" " ind2=" ">
    <subfield code="a">&#x635;&#x62F; &#x64A;&#x642;&#x6CC; &#x646;&#x638;&#x627; &#x645; </subfield>
  </datafield>
  <datafield tag="245" ind1=" " ind2=" ">
    <subfield code="a">&#x646;&#x6D3; &#x639;&#x6C1;&#x62F; &#x6A9;&#x6CC; &#x62A;&#x62E;&#x644;&#x64A;&#x642;&#x64A;&#x62A; &#x6A9;&#x627; &#x62A;&#x64A;&#x633;&#x631; &#x627; &#x627; &#x646;&#x642;&#x644;&#x627; &#x628; </subfield>
    <subfield code="c">&#x635;&#x62F; &#x64A;&#x642;&#x6CC; &#x646;&#x638;&#x627; &#x645; </subfield>
  </datafield>
  <datafield tag="246" ind1=" " ind2=" ">
    <subfield code="b">Naye Ahad Ki Takhleeqyat Ka Teesra Inquilab (Urdu)</subfield>
    <subfield code="a">by Nizam Siddiqui</subfield>
  </datafield>
  <datafield tag="260" ind1=" " ind2=" ">
    <subfield code="a">Delhi</subfield>
    <subfield code="b">Educational Publishing House</subfield>
    <subfield code="c">2019 &#x621;</subfield>
  </datafield>
  <datafield tag="270" ind1=" " ind2=" ">
    <subfield code="a">3191,Vakil Street, Kucha Pandit,Lal Kuan,</subfield>
    <subfield code="b">Delhi</subfield>
    <subfield code="e">110006</subfield>
    <subfield code="k">01123216162</subfield>
    <subfield code="l">-</subfield>
  </datafield>
  <datafield tag="300" ind1=" " ind2=" ">
    <subfield code="a">348&#x635; </subfield>
    <subfield code="c">22 Cm(Hb)</subfield>
  </datafield>
  <datafield tag="942" ind1=" " ind2=" ">
    <subfield code="2">ddc</subfield>
    <subfield code="c">UR</subfield>
    <subfield code="h">841.08</subfield>
    <subfield code="m">&#x635; &#x62F; &#x6CC; </subfield>
  </datafield>
  <datafield tag="952" ind1=" " ind2=" ">
    <subfield code="0">0</subfield>
    <subfield code="1">0</subfield>
    <subfield code="4">0</subfield>
    <subfield code="7">1</subfield>
    <subfield code="8">NFIC</subfield>
    <subfield code="a">DBAD</subfield>
    <subfield code="b">DBAD</subfield>
    <subfield code="d">2019-11-15</subfield>
    <subfield code="e">DBAD/PUB</subfield>
    <subfield code="g">210.00</subfield>
    <subfield code="l">0</subfield>
    <subfield code="o">841.08 &#x635; &#x62F; &#x6CC;</subfield>
    <subfield code="p">U-9144</subfield>
    <subfield code="r">2019-11-15 00:00:00</subfield>
    <subfield code="t">1</subfield>
    <subfield code="v">210.00</subfield>
    <subfield code="w">2019-11-15</subfield>
    <subfield code="y">UR</subfield>
  </datafield>
</record>
